logo

Bir Sreshtho Munshi Abdur Rouf Library
Jhenaidah Cadet College

A dictionary of biology / (Record no. 10661)

MARC details
000 -LEADER
fixed length control field 01275nam a2200373 a 4500
001 - CONTROL NUMBER
control field 10661
003 - CONTROL NUMBER IDENTIFIER
control field BD-DhCC
005 - DATE AND TIME OF LATEST TRANSACTION
control field 20180806105734.0
008 - FIXED-LENGTH DATA ELEMENTS--GENERAL INFORMATION
fixed length control field 180805s2015 enka d 000 0 eng d
010 ## - LIBRARY OF CONGRESS CONTROL NUMBER
LC control number 2015934059
015 ## - NATIONAL BIBLIOGRAPHY NUMBER
National bibliography number GBB544457
Source bnb
020 ## - INTERNATIONAL STANDARD BOOK NUMBER
International Standard Book Number 9780198714378 (pbk.)
035 ## - SYSTEM CONTROL NUMBER
System control number (BD-DhCC)10661
040 ## - CATALOGING SOURCE
Original cataloging agency NLE
Language of cataloging eng
Transcribing agency NLE
Description conventions rda
Modifying agency OCLCO
-- NYP
-- OCLCO
-- DLC
-- BD-DhCC
042 ## - AUTHENTICATION CODE
Authentication code lccopycat
050 00 - LIBRARY OF CONGRESS CALL NUMBER
Classification number QH302.5
Item number .D54 2015
082 04 - DEWEY DECIMAL CLASSIFICATION NUMBER
Classification number 570.3
Edition number 23
Item number DIC 2015
245 02 - TITLE STATEMENT
Title A dictionary of biology /
Statement of responsibility, etc. Robert Hine editor
246 14 - VARYING FORM OF TITLE
Title proper/short title Oxford dictionary of biology
250 ## - EDITION STATEMENT
Edition statement Seventh edition.
264 #1 - PRODUCTION, PUBLICATION, DISTRIBUTION, MANUFACTURE, AND COPYRIGHT NOTICE
Place of production, publication, distribution, manufacture Oxford, United Kingdom :
Name of producer, publisher, distributor, manufacturer Oxford University Press,
Date of production, publication, distribution, manufacture, or copyright notice 2015.
300 ## - PHYSICAL DESCRIPTION
Extent 662 pages :
Other physical details illustrations ;
Dimensions 20 cm.
336 ## - CONTENT TYPE
Content type term text
Source rdacontent
336 ## - CONTENT TYPE
Content type term still image
Source rdacontent
337 ## - MEDIA TYPE
Media type term unmediated
Source rdamedia
338 ## - CARRIER TYPE
Carrier type term volume
Source rdacarrier
490 0# - SERIES STATEMENT
Series statement Oxford quick reference
500 ## - GENERAL NOTE
General note Previous edition: 2008.
500 ## - GENERAL NOTE
General note "Editor Robert S. Hine, BSc, MSc"--Credits.
650 #0 - SUBJECT ADDED ENTRY--TOPICAL TERM
Topical term or geographic name entry element Biology
Form subdivision Dictionaries.
700 1# - ADDED ENTRY--PERSONAL NAME
Personal name Hine, Robert,
Relator term editor.
942 ## - ADDED ENTRY ELEMENTS (KOHA)
Source of classification or shelving scheme Dewey Decimal Classification
Koha item type Reference
Holdings
Withdrawn status Lost status Source of classification or shelving scheme Damaged status Not for loan Home library Current library Shelving location Date acquired Cost, normal purchase price Total Checkouts Full call number Barcode Date last seen Copy number Price effective from Koha item type
    Dewey Decimal Classification     JCC Rouf Library JCC Rouf Library General Stacks 08/06/2018 365.00   570.3 DIC 2015 14224 05/17/2025 C-1 08/06/2018 Reference

JCC Library | Contacts | JCC Home

Last Update on 23 September 2017
Copyright @ 2017-2020 JCC Rouf Library
Rouf Library, Jhenidah Cadet College (JCC), Bangladesh